| 000 | 01284cam a2200241 4500 | ||
|---|---|---|---|
| 001 | J122480 | ||
| 008 | 030530n2001 000 0 eng u | ||
| 035 | _a(Sirsi) u122480 | ||
| 041 | _aeng | ||
| 050 |
_a333.332 _c18 |
||
| 110 |
_aUnited Kingdom _bOffice of the Deputy Prime Minister |
||
| 245 | _aHome buying and selling | ||
| 260 |
_aLondon _bODPM _c2001 |
||
| 490 |
_aODPM Housing Factsheet _v1 |
||
| 520 | _aFactsheet discussing the failure of the Homes Bill 2001 to complete its passage through parliament before the general election, frequently asked questions about reform of the home buying and selling process, and illustrative costs and components of providing information for a typical freehold sale and purchase. The factsheet forms a part of the OPDM home buying and selling policy website which outlines the development of the Housing Bill and HIPs. View at www.housing.odpm.gov.uk. | ||
| 650 | _aHOME INFORMATION PACKS | ||
| 650 | _aHOMES BILL 2001 | ||
| 650 | _aPROPERTY-RESIDENTIAL PROPERTY-ACQUISITION AND DISPOSAL OF RESIDENTIAL PROPERTY | ||
| 650 | _aHOUSING BILL 2003 | ||
| 690 | _aPROPERTY AND LAND LAW-CONVEYANCING | ||
| 856 |
_uhttps://www.housing.odpm.gov.uk/factsheet/homebuy/index.htm _vView the factsheet on the ODPM website... |
||
| 942 | _n0 | ||
| 999 |
_c102855 _d102855 |
||